000 00602nam a2200181Ia 4500
008 100917s9999 xx 000 0 und d
082 _b64697
100 _aलवाटे वा. वि.
245 _aमिष्ट खाद्ये
260 _bसाहित्य आणि संस्कृती मंडळ प्रकाशन
_c---
300 _a129
365 _b10.5
520 _aपाकशास्त्र
630 _aमिष्ट खाद्ये
650 _aपाकशास्त्र
730 _aमिष्ट खाद्ये
942 _cBOOK
999 _c670091
_d670088